| 000 | 00452nam a2200133Ia 4500 | ||
|---|---|---|---|
| 008 | 171212s9999 xx 000 0 und d | ||
| 020 | _a9781743324363 | ||
| 100 | _aBirns, Nicholas | ||
| 245 |
_cBirns, Nicholas _aContemporary Australian Literature _bA World Not Yet Dead |
||
| 260 |
_bUniversity of Sydney _c2015 |
||
| 440 | _aSydney Studies in Australian Literature | ||
| 650 | _aLanguage & Literature | ||
| 856 | _uhttp://jstor.org/stable/j.ctt19qgddn | ||
| 999 |
_c353015 _d353015 |
||